Solo andata

Tallennettuna:
Bibliografiset tiedot
Päätekijä: Cauwelaert, van Didier
Aineistotyyppi: Kirja
Kieli:määrittelemätön
Julkaistu: Milano Tea 1997
Tagit: Lisää tagi
Ei tageja, Lisää ensimmäinen tagi!

MARC

LEADER 00000nam a2200000Ia 4500
001 262
003 NUMERAZIONE-ORIGINALE-BRESCIA
005 20260206230751.0
008 260206s9999 xx 000 0 und d
100 |a Cauwelaert, van Didier 
245 0 |a Solo andata 
260 |a Milano 
260 |b Tea 
260 |c 1997 
942 |2 ddc  |c BK  |n 0 
952 |0 0  |1 0  |2 ddc  |4 0  |6 13  |7 0  |9 28461  |a BS  |b BS  |d 2026-02-06  |i 262  |l 0  |o 1-3-*  |r 2026-02-06 22:40:36  |w 2026-02-06  |x [REVISIONARE]  |y BK 
999 |c 24141  |d 24141